Facultad de Derecho – Universidad Nacional de Mar del Plata

Municipios argentinos : potestades y restricciones constitucionales para un nuevo modelo de gestion local (Record no. 2056)

MARC details
000 -LEADER
fixed length control field 00652cam a22002057a 4500
001 - CONTROL NUMBER
control field 002065
003 - CONTROL NUMBER IDENTIFIER
control field armpunfd
005 - DATE AND TIME OF LATEST TRANSACTION
control field 20140612090657.0
008 - FIXED-LENGTH DATA ELEMENTS--GENERAL INFORMATION
fixed length control field 061121e0####xx#a##########000#0#und#d
040 ## - CATALOGING SOURCE
Original cataloging agency armpunfd
Transcribing agency armpunfd
080 ## - UNIVERSAL DECIMAL CLASSIFICATION NUMBER
Universal Decimal Classification number 342 M 925
100 10 - MAIN ENTRY--PERSONAL NAME
Personal name Iturburu, Monica Silvana
245 10 - TITLE STATEMENT
Title Municipios argentinos : potestades y restricciones constitucionales para un nuevo modelo de gestion local
260 ## - PUBLICATION, DISTRIBUTION, ETC. (IMPRINT)
Place of publication, distribution, etc Uenos Aires : Inap
Name of publisher, distributor, etc 1999. Isbn : 987-96756-4-9. 157 P.
650 #7 - SUBJECT ADDED ENTRY--TOPICAL TERM
Topical term or geographic name as entry element Derecho Municipal
Source of heading or term LEMB
650 #7 - SUBJECT ADDED ENTRY--TOPICAL TERM
Topical term or geographic name as entry element Municipalidades
Source of heading or term LEMB
650 #7 - SUBJECT ADDED ENTRY--TOPICAL TERM
Topical term or geographic name as entry element Municipios
Source of heading or term LEMB
942 ## - ADDED ENTRY ELEMENTS (KOHA)
Koha item type LIBRO
Source of classification or shelving scheme
945 ## - LOCAL PROCESSING INFORMATION (OCLC)
a Catalis
d 2010-08-19
Holdings
Withdrawn status Lost status Source of classification or shelving scheme Damaged status Not for loan Home library Current library Shelving location Date acquired Total Checkouts Total Renewals Full call number Barcode Date last seen Date checked out Price effective from Koha item type
          Bib. Derecho Bib. Derecho Sector Prestamo 12/06/2014 4 2 342 M 925 201964 22/10/2015 06/10/2015 12/06/2014 LIBRO

XHTML | CSS | ©Biblioteca Central - Dto. Tecnología de la Información - [ Con tecnología Koha ]